| 000 | 01149nam a22003011u 4500 | ||
|---|---|---|---|
| 001 | 06368 | ||
| 003 | HDC | ||
| 007 | cr bn --- | ||
| 008 | 210123b2011 ||||| |||| 00| 0 eng d | ||
| 040 | _aHDC | ||
| 100 |
_a Madge, Robert _96745 |
||
| 110 | _aFoodReg Malaysia Sdn Bhd | ||
| 245 | 0 |
_aHALAL TRACEABILITY : _bas a Means to Access European Market _c/ by Robert Madge |
|
| 260 |
_a[No place] : _b[publisher not identified], _c2008 |
||
| 300 |
_a30 pages : _bIllustrations |
||
| 336 |
_atext _2rdacontent |
||
| 337 |
_acomputer _2rdamedia |
||
| 338 |
_aonline resource _2rdacarrier |
||
| 650 |
_aFood safety _9504 |
||
| 650 |
_aFood Traceability _95196 |
||
| 650 |
_aHalal industry _9144 |
||
| 650 |
_aHalal practices _96400 |
||
| 856 | _zRequest full-text at [email protected] | ||
| 856 | _zRequest full-text at [email protected] | ||
| 942 | _2lcc | ||
| 942 | _cSLIDE | ||
| 942 | _kSLID 000722 | ||
| 999 |
_c3692 _d3692 |
||